00761nam a2200205 a 450000100100000000500170001000800410002704000250006804100390009308200130013210000310014524000510017624500900022725000120031726000320032930000210036153400700038250000740045270000290052600002474720200930023338.0110203s1969 sp r 000 0 spa d aDO-SdBNPbspacBNPHU17aspahfre2Código de idiomas MARC ann*bnn*1 aQuoist, Michel,d1914-199710aDonner ou le journal d´Anne-Marie.lEspañol10aDar :bel diario de Ana María /cMichel Quoist ; traducción de Ramón Sans Vila. a12a ed. aBarcelona :bHerder,c1969. a333 p. ;c20 cm. aEdición original francesa :tDonner ou le journal d´Anne-Marie aIncluye referencias bibliográficas y notas al pie de las páginas.1 aSans Vila, Ramón,etr.